| 000 | 01348 a2200217 4500 | ||
|---|---|---|---|
| 005 | 20110823163221.0 | ||
| 010 | _aG-001024 | ||
| 020 |
_a8190155350 _c200.00 |
||
| 035 | _aG-001024 | ||
| 037 | _bविज्ञान शिक्षा संस्थान | ||
| 082 | _a573.2 | ||
| 245 |
_aमि.इल्यीन,ये.सेगाल कृत मनुष्य महाबली कैसे बना/ _cहर्षवर्धन द्वारा अनुदित तथा संपादित |
||
| 260 |
_aगाजियाबाद _bविज्ञान शिक्षा संस्थान, _c2005 |
||
| 270 |
_a78 ब्लाक बी, सूर्यनगर _bगाजियाबाद |
||
| 300 |
_a136पृ. _c24सेमी(सजिल्द) _b(सचित्र) |
||
| 600 |
_aसेगाल,ये.,इल्यीन,मि. _935124 |
||
| 700 |
_aहर्षवर्धन संपादित तथा अनुदित _933446 |
||
| 942 |
_adpl _cHN _k573.2 / मिइल्यी _2ddc _h573.2 _mमिइल्यी |
||
| 999 |
_c55838 _d55838 |
||